Múzeum umenia Warholovcov má peniaze sotva na prežitie Svetové meno uprostred malomestskej reality
Na príklade Múzea moderného umenia rodiny Warholovcov v Medzilaborciach dokumentovaný problém financovania kultúrnych zariadení na Slovensku štátnymi dotáciami, príjmov zariadení, komerčných aktivít, sponzorovania. Vzťah múzea a mesta, nedostatočné služby návštevníkom nerozvinutím cestovného ruchu v...
Uložené v:
| Hlavný autor: | |
|---|---|
| Médium: | Kapitola |
| Jazyk: | Slovak |
| Predmet: | |
| Tagy: |
Žiadne tagy, Buďte prvý, kto otaguje tento záznam!
|
MARC
| LEADER | 00000naa a2200000 4500 | ||
|---|---|---|---|
| 001 | r015758 | ||
| 005 | 20221205091157.2 | ||
| 041 | 0 | |a slo | |
| 044 | |a SK | ||
| 245 | 1 | 0 | |a Múzeum umenia Warholovcov má peniaze sotva na prežitie |b Svetové meno uprostred malomestskej reality |c Vojtech Gossányi |
| 520 | |a Na príklade Múzea moderného umenia rodiny Warholovcov v Medzilaborciach dokumentovaný problém financovania kultúrnych zariadení na Slovensku štátnymi dotáciami, príjmov zariadení, komerčných aktivít, sponzorovania. Vzťah múzea a mesta, nedostatočné služby návštevníkom nerozvinutím cestovného ruchu v menších mestách. | ||
| 610 | 2 | 0 | |a kultúra |
| 610 | 2 | 0 | |a dotácie |
| 610 | 2 | 0 | |a Slovensko |
| 610 | 2 | 0 | |a múzeá |
| 610 | 2 | 0 | |a mestá |
| 610 | 2 | 0 | |a ruch cestovný |
| 610 | 2 | 0 | |a služby |
| 610 | 2 | 0 | |a Múzeum moderného umenia rodiny Warholovcov Medzilaborce |
| 610 | 2 | 0 | |a financovanie |
| 100 | 1 | |a Gossányi, Vojtech | |